Μαθηματικό ημερολόγιο και εορτολόγιο 2005-2006
Saved in:
| Main Author: | |
|---|---|
| Format: | Book |
| Language: | Greek |
| Published: |
Αθήνα :
Εκδόσεις Πατάκη,
2005.
|
| Subjects: | |
| Tags: |
Add Tag
No Tags, Be the first to tag this record!
|
MARC
| LEADER | 00000cam a2200000 i 4500 | ||
|---|---|---|---|
| 001 | 1/72892 | ||
| 008 | 050308s2005 gr | ||| |||| ||gre|| | ||
| 035 | |l 10076947 | ||
| 040 | |a GR-MyUA |b gre |e AACR2 | ||
| 041 | 0 | |a gre | |
| 082 | 0 | |a 510.76 |2 (21) | |
| 100 | 1 | |a Κάκουλλος, Θεόφιλος Ν. | |
| 245 | 1 | 0 | |a Μαθηματικό ημερολόγιο και εορτολόγιο 2005-2006 / |c Θεόφιλος Κάκουλλος. |
| 260 | |a Αθήνα : |b Εκδόσεις Πατάκη, |c 2005. | ||
| 300 | |a xvii, 76 σ. : |b εικ. ; |c 29 εκ. | ||
| 650 | 0 | 0 | |a Mathematics |x Problems, exercises, etc. |
| 852 | |a INST |b SAMOS |e 20050308 |h 510.76 ΚΑΚ |p 005300025322 |q 005300025322 |t BK |y 0 | ||
| 901 | |a BIBL3-2005-1 | ||
| 909 | |a Σ |b 114376 | ||
| 920 | |a ΚΑΚΚΟΥΛΟΣ |b ΘΕΟΦΙΛΟΣ |y Σάμος |z 2005-03 | ||
| 970 | |a ΜΑΛΑΓΑΡΗ |b ΦΩΤΕΙΝΗ |z 2005/03/08 | ||